| 000 | 00517 a2200169 4500 | ||
|---|---|---|---|
| 999 |
_c41650 _d41650 |
||
| 003 | OSt | ||
| 005 | 20221031161137.0 | ||
| 008 | 221031b ||||| |||| 00| 0 eng d | ||
| 020 | _a9788120731189 | ||
| 040 | _coclc | ||
| 082 |
_a338.4791 _bBHA/B |
||
| 100 |
_95656 _aBhatia, A K |
||
| 245 |
_aThe business of tourism : _bconcepts and statergies _cA K Bhatia |
||
| 260 |
_aNew Delhi: _bSterling publishers, _c2007. |
||
| 300 | _a435 pages | ||
| 942 |
_2ddc _cBK _h338.4791 _iBHA/B _k338.4791 _mBHA/B |
||